Rejuvenating our communities (Record no. 70773)
[ view plain ]
| 000 -LEADER | |
|---|---|
| fixed length control field | 01629cam a2200277 4500 |
| 001 - CONTROL NUMBER | |
| control field | WB3826-23 |
| 008 - FIXED-LENGTH DATA ELEMENTS--GENERAL INFORMATION | |
| fixed length control field | 020718n2002 000 0 eng u |
| 035 ## - SYSTEM CONTROL NUMBER | |
| System control number | (Sirsi) u118901 |
| 245 ## - TITLE STATEMENT | |
| Title | Rejuvenating our communities |
| 260 ## - PUBLICATION, DISTRIBUTION, ETC. | |
| Date of publication, distribution, etc. | 2002 |
| 490 ## - SERIES STATEMENT | |
| Series statement | ODPM News Release |
| Volume/sequential designation | (038) 18 July 2002, (3) |
| 520 ## - SUMMARY, ETC. | |
| Summary, etc. | The Deputy Prime Minister has outlined his radical £1.5 bn plan to rejuvenate our communities. Key elements of the plan include tackling the lack of affordable homes for key workers and the most needy in London and the South East; housing growth without decreasing or diminishing the greenbelt; targeting areas affected by low demand and abandonment in the North and the Midlands; simplifying the development plan system, the compulsory purchase system and introducing Business Planning Zones. Parliamentary procedures for major infrastructure projects will not go ahead. Full statement is at http://www.odpm.gov.uk/about/ministers/speeches/prescott/180702.htm RICS responses at:http://www.rics.org/ricscms/bin/show?class=PressRelease&template=/includes/showpr.html&id=780h and http://www.rics.org/ricscms/bin/show?class=PressRelease&template=/includes/showpr.html&id=779 http://www.odpm.gov.uk/news/0207/0038.htm |
| 590 ## - LOCAL NOTE (RLIN) | |
| Local note | WB |
| 650 ## - SUBJECT ADDED ENTRY--TOPICAL TERM | |
| Topical term or geographic name entry element | HOUSING |
| 650 ## - SUBJECT ADDED ENTRY--TOPICAL TERM | |
| Topical term or geographic name entry element | PLANNING |
| 650 ## - SUBJECT ADDED ENTRY--TOPICAL TERM | |
| Topical term or geographic name entry element | INFRASTRUCTURE PROJECTS |
| 650 ## - SUBJECT ADDED ENTRY--TOPICAL TERM | |
| Topical term or geographic name entry element | COMPULSORY PURCHASE REFORM |
| 650 ## - SUBJECT ADDED ENTRY--TOPICAL TERM | |
| Topical term or geographic name entry element | DEVELOPMENT PLANS |
| 650 ## - SUBJECT ADDED ENTRY--TOPICAL TERM | |
| Topical term or geographic name entry element | BUSINESS PLANNING ZONES |
| 650 ## - SUBJECT ADDED ENTRY--TOPICAL TERM | |
| Topical term or geographic name entry element | THAMES GATEWAY |
| 650 ## - SUBJECT ADDED ENTRY--TOPICAL TERM | |
| Topical term or geographic name entry element | ASHFORD |
| 650 ## - SUBJECT ADDED ENTRY--TOPICAL TERM | |
| Topical term or geographic name entry element | MILTON KEYNES |
| 650 ## - SUBJECT ADDED ENTRY--TOPICAL TERM | |
| Topical term or geographic name entry element | LONDON-STANSTED-CAMBRIDGE CORRIDOR |
| 690 ## - LOCAL SUBJECT ADDED ENTRY--TOPICAL TERM (OCLC, RLIN) | |
| Topical term or geographic name as entry element | REGENERATION |
| 942 ## - ADDED ENTRY ELEMENTS (KOHA) | |
| Suppress in OPAC | 0 |
| Withdrawn status | Lost status | Source of classification or shelving scheme | Damaged status | Not for loan | Home library | Current library | Shelving location | Date acquired | Total Checkouts | Full call number | Barcode | Date last seen | Copy number | Price effective from | Koha item type |
|---|---|---|---|---|---|---|---|---|---|---|---|---|---|---|---|
| Dewey Decimal Classification | London | London | News article | 18/07/2002 | WB3826-23 | 118901-1001 | 06/08/2019 | 1 | 06/08/2019 | News article |